| 000 | 00727nam a22002293a 4500 | ||
|---|---|---|---|
| 005 | 20240809063731.0 | ||
| 008 | 010923s1998 mx r 000 0 spa d | ||
| 020 | _a9688903043 | ||
| 035 | _aUPN01000111895 | ||
| 049 | _aI | ||
| 050 | 4 |
_aBJ1631 _bS3.68 |
|
| 100 | 1 | _aSchwartz, Linda | |
| 245 | 1 | 1 |
_a¿Qué harías tú? : _buna guía para niños en aprietos y en situaciones delicadas / _cLinda Schwartz ; il. Beverly Armstrong ; tr. Molly Presser. |
| 260 |
_aMéxico : _bEdivisión : _bDiana, _c1998. |
||
| 300 |
_a184 p. : _bil. |
||
| 440 | 0 | _aOrigen | |
| 650 | 4 |
_aValores sociales _94177 |
|
| 650 | 4 |
_aConducta de vida _94416 |
|
| 650 | 4 |
_aConducta infantil _95683 |
|
| 650 | 2 |
_aValores morales _95323 |
|
| 905 | _aInfantil | ||
| 999 |
_c85803 _d85803 |
||